| 000 | 00799nam a2200229 a 4500 | ||
|---|---|---|---|
| 001 | 41197 | ||
| 003 | BD-RjUL | ||
| 005 | 20211209053339.0 | ||
| 008 | 160517s1959 bg ||||| |||| 00| 0 ben d | ||
| 020 | _c: PRs 4.50 | ||
| 035 | _a(BD-RjUL)41313 | ||
| 040 |
_aBD-RjUL _bben _cBD-RjUL |
||
| 041 | _aben | ||
| 082 |
_223 _a891.443 _bHOM 1959 |
||
| 100 |
_aহোসেন, তাসাদদুক _9126742 |
||
| 245 | 1 | 0 |
_aমহুয়ার দেশে / _cতাসাদদুক হোসেন |
| 260 |
_aঢাকা : _bকোহিনূর লাইব্রেরী, _c১৯৫৯ [১৩৬৬] |
||
| 300 |
_a২০০ পৃ. ; _c২১ সেমি. |
||
| 650 |
_aবাংলা উপন্যাস _9126743 |
||
| 650 |
_aBengali Fiction _9126744 |
||
| 942 |
_2ddc _cBK |
||
| 999 |
_c41197 _d41197 |
||